000 00697nam a2200205Ia 4500
003 GCL
008 140319s9999 xx 000 0 ara d
040 _aGCL /
_cGCL
082 0 4 _aق
_b923.2
_bم ت
100 1 _aمحمود حسنى العرابى
245 1 0 _a89 شهرآ فى المنفى 1931 - 1938 :
_bثلاث أجزاء فى مجلد واحد /
_cمحمود حسنى العرابى
250 _aالاولى
260 _aالقاهرة :
_bالمؤلف ،
_c1948
300 _a321 ص ؛
_c22 سم
650 0 4 _aالسياسة
650 0 4 _aالرجال - تراجم
650 0 4 _aمحمود حسنى العرابى
650 0 4 _aتراجم السياسيون
942 _2ddc
_cBK
999 _c42612
_d42612